00334pab a2200121 454500008004000000100002400040245006300064260000900127300001400136362001200150650001600162773003400178180718b1983 xxu||||| |||| 00| 0 eng d aBagchi, Amiya Kumar aTowards a correct reading of Lenin's theory of imperialism c1983 aP.E. 2-12 a30 July aImperialism aEconomic and Political Weekly